00538nam a2200145 a 4500008004100000050002300041110008300064245009500147260004300242300001300285350000900298650002500307650003000332650003000362090302s1994 ||||||||||||||||| || u aGOV.ZAM(02)1994/4A aGovernment of the Republic of Zambia. Ministry of Commerce, Trade and Industry10aDraft industrial, trade and commercial policycBy Ministry of Commerce, Trade and Industry aLusaka:bZambia Printing Companyc1994 avi, 70p. a0.00 aTRADE POLICY--ZAMBIA aINDUSTRIAL POLICY--ZAMBIA aZAMBIA--COMMERCIAL POLICY